What is behind biased technical change in production of cereal and oilseed crops in Slovakia?

Saved in:
Bibliographic Details
Main Author: Fandel, Peter
Format: Book Chapter
Language:English
Subjects:
Tags: Add Tag
No Tags, Be the first to tag this record!

MARC

LEADER 00000nla a2200000 4500
001 0210204
005 20240417075102.5
041 0 |a eng 
044 |a SK 
245 1 0 |a What is behind biased technical change in production of cereal and oilseed crops in Slovakia?  |c Peter Fandel 
610 2 0 |a obilniny 
610 2 0 |a rastliny priemyselné 
610 2 0 |a plodiny poľné 
610 2 0 |a produkcia 
610 2 0 |a Slovensko 
610 2 0 |a produktivita 
610 2 0 |a analýza nákladov a výnosov 
610 2 0 |a input-output 
610 2 0 |a indexy 
100 1 |a Fandel, Peter